| 000 | 01589cam a2200289 a 4500 | ||
|---|---|---|---|
| 001 | 16873194 | ||
| 005 | 20230320115910.0 | ||
| 008 | 110715s2012 njua b 001 0 eng | ||
| 010 | _a 2011029934 | ||
| 020 | _a9780470626672 (hardback : acidfree paper) | ||
| 040 |
_aDLC _cDLC _dDLC |
||
| 042 | _apcc | ||
| 050 | 0 | 0 |
_aTL570 _b.N36 2012 |
| 082 | 0 | 0 |
_a629.132 _223 _bNAP |
| 100 | 1 |
_aNapolitano, Marcello R. _9110623 |
|
| 245 | 1 | 0 |
_aAircraft dynamics : _bfrom modeling to simulation / _cMarcello R. Napolitano. |
| 260 |
_aHoboken, NJ : _bJ. Wiley, _cc2012. |
||
| 300 |
_axiv, 706 p. : _bill. ; _c29 cm. |
||
| 504 | _aIncludes bibliographical references and index. | ||
| 520 |
_a"Napolitano's Aircraft Dynamics is designed to help readers extrapolate from low level formulas, equations, and details to high level comprehensive views of the main concepts. The text also helps readers in the fundamental skills of learning the "basic modeling" of aircraft aerodynamics and dynamics. The main objective is to organize the topics in "modular blocks" each of them leading to the understanding of the inner mechanisms of the aircraft aerodynamics and dynamics, eventually leading to the development of simple flight simulations schemes"-- _cProvided by publisher. |
||
| 650 | 0 |
_aAerodynamics _xMathematics. _91707 |
|
| 650 | 0 |
_aAirplanes _xSimulation methods. _9110624 |
|
| 650 | 0 |
_aStructural dynamics. _910008 |
|
| 906 |
_a7 _bcbc _corignew _d1 _eecip _f20 _gy-gencatlg |
||
| 942 |
_2ddc _cBK |
||
| 999 |
_c593844 _d593844 |
||